|
|
|
|
| LEADER |
01868nam a2200313 a 4500 |
| 001 |
GR-MES15973 |
| 008 |
131105s2007 gr g 000 0 gre d |
| 020 |
|
|
|a 9789604560721
|
| 040 |
|
|
|a GrPaTEI
|b gre
|c GR-PaULI
|
| 040 |
|
|
|a GrPaTEI
|b gre
|c GR-PaULI
|
| 082 |
|
0 |
|a 330
|2 22
|
| 100 |
1 |
|
|a Παυλίτσας, Κωνσταντίνος
|
| 245 |
1 |
0 |
|a Οικονομική θεωρία :
|b Μικροοικονομία /
|c Κωνσταντίνος Χ. Παυλίτσας.
|
| 260 |
|
|
|a Αθήνα :
|b Ζήτη,
|c 2007
|
| 300 |
|
|
|a xvi, 572 σ. :
|b διαγρ., πίν.
|
| 500 |
|
|
|a Περιλαμβάνει ευρετήριο
|
| 500 |
|
|
|a Σύστημα "ΕΥΔΟΞΟΣ": αρ. εισ. 26122, 26123,27731,27752,27751,27750
|
| 504 |
|
|
|a Βιβλιογραφία: σ.565-568
|
| 610 |
|
4 |
|a Σύστημα ΕΥΔΟΞΟΣ
|
| 650 |
|
4 |
|a Μικροοικονομική
|
| 650 |
|
4 |
|a Οικονομική
|
| 710 |
0 |
|
|a Ζήτη
|
| 942 |
|
|
|2 ddc
|
| 952 |
|
|
|0 0
|1 0
|2 ddc
|4 0
|6 330_000000000000000_ΠΑΥ
|7 0
|9 273763
|a MSLG
|b MSLG
|c EUD
|d 2021-01-17
|e 24
|f 1
|g 0.00
|i 27731
|l 0
|o 330 ΠΑΥ
|p 2420000027731
|q 2017-01-23
|r 2021-01-17 00:00:00
|t 1
|w 2021-01-17
|y BK15
|x 20150407 0 Κ.Γ 1
|x GrPaTEI
|
| 952 |
|
|
|0 0
|1 0
|2 ddc
|4 0
|6 330_000000000000000_ΠΑΥ
|7 0
|9 273764
|a MSLG
|b MSLG
|c EUD
|d 2021-01-17
|e 24
|f 0
|g 0.00
|i 27750
|l 0
|o 330 ΠΑΥ
|p 2420000027750
|r 2021-01-17 00:00:00
|t 2
|w 2021-01-17
|y BK15
|x 20150421 0 Κ.Γ. 1
|x GrPaTEI
|
| 952 |
|
|
|0 0
|1 0
|2 ddc
|4 0
|6 330_000000000000000_ΠΑΥ
|7 0
|9 273765
|a MSLG
|b MSLG
|c EUD
|d 2021-01-17
|e 24
|f 0
|g 0.00
|i 27751
|l 0
|o 330 ΠΑΥ
|p 2420000027751
|r 2021-01-17 00:00:00
|t 3
|w 2021-01-17
|y BK15
|x 20150424 0 1
|x GrPaTEI
|
| 952 |
|
|
|0 0
|1 0
|2 ddc
|4 0
|6 330_000000000000000_ΠΑΥ
|7 0
|9 273766
|a MSLG
|b MSLG
|c EUD
|d 2021-01-17
|e 24
|f 0
|g 0.00
|i 27752
|l 0
|o 330 ΠΑΥ
|p 2420000027752
|r 2021-01-17 00:00:00
|t 4
|w 2021-01-17
|y BK15
|x 20150424 0 1
|x GrPaTEI
|
| 971 |
|
|
|a .b25820229
|b 16-04-20
|c 13-09-16
|
| 999 |
|
|
|c 158512
|d 158512
|